000 01074cam a2200253 4500
001 L128769
002 8030
008 050214n2005 000 0 eng u
020 _a1903927463
035 _a(Sirsi) u128769
041 _aeng
050 _a346.51066
100 _aDavies, James
245 _aEmployment, partnership and discrimination law for professional partnerships
260 _aLondon
_bLegalease
_c2005
300 _axvi, 464p.
_c23cm.
350 _a60
520 _aA practical guide to partnership law and employment and discrimination law aimed at practice managers, HR professionals, managing partners and external legal advisers. Advises on a wide range of human resources issues such as employment contracts, partnership deeds, remuneration and benefits packages. Includes advice on the advantages and disadvantages of a limited liability partnership and comparison with an unlimited partnership.
590 _aIKA190505
690 _aMANAGEMENT-BUSINESS MANAGEMENT
700 _aGreenwood, Clive
700 _aPayne, Fergus
942 _n0
999 _c104012
_d104012